<?xml version="1.0" encoding="UTF-8"?>
<record
    xmlns:xsi="http://www.w3.org/2001/XMLSchema-instance"
    xsi:schemaLocation="http://www.loc.gov/MARC21/slim http://www.loc.gov/standards/marcxml/schema/MARC21slim.xsd"
    xmlns="http://www.loc.gov/MARC21/slim">

  <leader>     nam a22     7a 4500</leader>
  <datafield tag="999" ind1=" " ind2=" ">
    <subfield code="c">51870</subfield>
    <subfield code="d">51870</subfield>
  </datafield>
  <controlfield tag="003">OSt</controlfield>
  <controlfield tag="005">20220519124538.0</controlfield>
  <controlfield tag="008">220519b        xxu||||| |||| 00| 0 eng d</controlfield>
  <datafield tag="040" ind1=" " ind2=" ">
    <subfield code="c">IIMT UNIVERSITY MEERUT</subfield>
  </datafield>
  <datafield tag="100" ind1=" " ind2=" ">
    <subfield code="a">MEHTA , NIHAR P</subfield>
  </datafield>
  <datafield tag="245" ind1=" " ind2=" ">
    <subfield code="a">P. J.MEHTA'S PRACTICAL MEDICINE</subfield>
  </datafield>
  <datafield tag="250" ind1=" " ind2=" ">
    <subfield code="a">21ED</subfield>
  </datafield>
  <datafield tag="260" ind1=" " ind2=" ">
    <subfield code="a">NEW DELHI </subfield>
    <subfield code="b">NATIONAL</subfield>
    <subfield code="c">14-05-2022</subfield>
  </datafield>
  <datafield tag="300" ind1=" " ind2=" ">
    <subfield code="a">634</subfield>
  </datafield>
  <datafield tag="942" ind1=" " ind2=" ">
    <subfield code="2">ddc</subfield>
    <subfield code="c">01</subfield>
  </datafield>
  <datafield tag="952" ind1=" " ind2=" ">
    <subfield code="0">0</subfield>
    <subfield code="1">0</subfield>
    <subfield code="2">ddc</subfield>
    <subfield code="4">0</subfield>
    <subfield code="7">0</subfield>
    <subfield code="a">30</subfield>
    <subfield code="b">30</subfield>
    <subfield code="d">2022-05-14</subfield>
    <subfield code="e">ARISTA</subfield>
    <subfield code="f">AYURVEDA</subfield>
    <subfield code="g">925.00</subfield>
    <subfield code="i">HO/IN/20</subfield>
    <subfield code="l">0</subfield>
    <subfield code="o">615.3 MEH</subfield>
    <subfield code="p">30-B-3101</subfield>
    <subfield code="r">2022-05-19</subfield>
    <subfield code="w">2022-05-19</subfield>
    <subfield code="y">01</subfield>
  </datafield>
  <datafield tag="952" ind1=" " ind2=" ">
    <subfield code="0">0</subfield>
    <subfield code="1">0</subfield>
    <subfield code="2">ddc</subfield>
    <subfield code="4">0</subfield>
    <subfield code="7">0</subfield>
    <subfield code="a">30</subfield>
    <subfield code="b">30</subfield>
    <subfield code="d">2022-05-14</subfield>
    <subfield code="e">ARISTA</subfield>
    <subfield code="f">AYURVEDA</subfield>
    <subfield code="g">925.00</subfield>
    <subfield code="i">HO/IN/20</subfield>
    <subfield code="l">3</subfield>
    <subfield code="o">615.3 MEH</subfield>
    <subfield code="p">30-B-3102</subfield>
    <subfield code="r">2024-01-05</subfield>
    <subfield code="s">2024-01-04</subfield>
    <subfield code="w">2022-05-19</subfield>
    <subfield code="y">01</subfield>
  </datafield>
  <datafield tag="952" ind1=" " ind2=" ">
    <subfield code="0">0</subfield>
    <subfield code="1">0</subfield>
    <subfield code="2">ddc</subfield>
    <subfield code="4">0</subfield>
    <subfield code="7">0</subfield>
    <subfield code="a">30</subfield>
    <subfield code="b">30</subfield>
    <subfield code="d">2022-05-14</subfield>
    <subfield code="e">ARISTA</subfield>
    <subfield code="f">AYURVEDA</subfield>
    <subfield code="g">925.00</subfield>
    <subfield code="i">HO/IN/20</subfield>
    <subfield code="l">1</subfield>
    <subfield code="o">615.3 MEH</subfield>
    <subfield code="p">30-B-3103</subfield>
    <subfield code="q">2023-06-15</subfield>
    <subfield code="r">2023-05-08</subfield>
    <subfield code="s">2023-05-08</subfield>
    <subfield code="w">2022-05-19</subfield>
    <subfield code="y">01</subfield>
  </datafield>
  <datafield tag="952" ind1=" " ind2=" ">
    <subfield code="0">0</subfield>
    <subfield code="1">0</subfield>
    <subfield code="2">ddc</subfield>
    <subfield code="4">0</subfield>
    <subfield code="7">0</subfield>
    <subfield code="a">30</subfield>
    <subfield code="b">30</subfield>
    <subfield code="d">2022-05-14</subfield>
    <subfield code="e">ARISTA</subfield>
    <subfield code="f">AYURVEDA</subfield>
    <subfield code="g">925.00</subfield>
    <subfield code="i">HO/IN/20</subfield>
    <subfield code="l">41</subfield>
    <subfield code="o">615.3 MEH</subfield>
    <subfield code="p">30-B-3104</subfield>
    <subfield code="r">2026-02-24</subfield>
    <subfield code="s">2025-09-25</subfield>
    <subfield code="w">2022-05-19</subfield>
    <subfield code="y">01</subfield>
  </datafield>
  <datafield tag="952" ind1=" " ind2=" ">
    <subfield code="0">0</subfield>
    <subfield code="1">0</subfield>
    <subfield code="2">ddc</subfield>
    <subfield code="4">0</subfield>
    <subfield code="7">0</subfield>
    <subfield code="a">30</subfield>
    <subfield code="b">30</subfield>
    <subfield code="d">2022-05-14</subfield>
    <subfield code="e">ARISTA</subfield>
    <subfield code="f">AYURVEDA</subfield>
    <subfield code="g">925.00</subfield>
    <subfield code="i">HO/IN/20</subfield>
    <subfield code="l">0</subfield>
    <subfield code="o">615.3 MEH</subfield>
    <subfield code="p">30-B-3105</subfield>
    <subfield code="r">2022-05-19</subfield>
    <subfield code="w">2022-05-19</subfield>
    <subfield code="y">01</subfield>
  </datafield>
  <datafield tag="952" ind1=" " ind2=" ">
    <subfield code="0">0</subfield>
    <subfield code="1">0</subfield>
    <subfield code="2">ddc</subfield>
    <subfield code="4">0</subfield>
    <subfield code="7">0</subfield>
    <subfield code="a">30</subfield>
    <subfield code="b">30</subfield>
    <subfield code="d">2022-05-14</subfield>
    <subfield code="e">ARISTA</subfield>
    <subfield code="f">AYURVEDA</subfield>
    <subfield code="g">925.00</subfield>
    <subfield code="i">HO/IN/20</subfield>
    <subfield code="l">0</subfield>
    <subfield code="o">615.3 MEH</subfield>
    <subfield code="p">30-B-3106</subfield>
    <subfield code="r">2022-05-19</subfield>
    <subfield code="w">2022-05-19</subfield>
    <subfield code="y">01</subfield>
  </datafield>
  <datafield tag="952" ind1=" " ind2=" ">
    <subfield code="0">0</subfield>
    <subfield code="1">0</subfield>
    <subfield code="2">ddc</subfield>
    <subfield code="4">0</subfield>
    <subfield code="7">0</subfield>
    <subfield code="a">30</subfield>
    <subfield code="b">30</subfield>
    <subfield code="d">2022-05-14</subfield>
    <subfield code="e">ARISTA</subfield>
    <subfield code="f">AYURVEDA</subfield>
    <subfield code="g">925.00</subfield>
    <subfield code="i">HO/IN/20</subfield>
    <subfield code="l">29</subfield>
    <subfield code="o">615.3 MEH</subfield>
    <subfield code="p">30-B-3107</subfield>
    <subfield code="r">2026-02-27</subfield>
    <subfield code="s">2026-02-17</subfield>
    <subfield code="w">2022-05-19</subfield>
    <subfield code="y">01</subfield>
  </datafield>
</record>
